[Event "Open A"]
[Site "Hamburg GER"]
[Date "2005.10.08"]
[Round "8"]
[White "Kengis,E"]
[Black "Riazantsev,A"]
[Result "1-0"]
[WhiteElo "2528"]
[BlackElo "2603"]

1.c4 c6 2.Nf3 d5 3.e3 Nf6 4.Nc3 a6 5.d4 e6 6.b3 Bb4 7.Bd2 Nbd7 8.Bd3 O-O
9.Qc2 Bd6 10.Ne2 Re8 11.Rd1 e5 12.dxe5 Nxe5 13.Nxe5 Bxe5 14.cxd5 cxd5 15.Bc3 Qd6
16.h3 Bd7 17.Bxe5 Qxe5 18.O-O Qg5 19.f4 Qh4 20.Rf3 Re7 21.Nd4 Rae8 22.Qd2 Ne4
23.Bxe4 Rxe4 24.Rc1 Qd8 25.Rc5 Bc8 26.Qc3 h5 27.a4 h4 28.a5 f6 29.b4 Be6
30.Rc7 Bf7 31.Rxb7 Bg6 32.Qc5 Kh7 33.f5 Bh5 34.Rf1 Rxe3 35.Ne6 R8xe6 36.fxe6 Rxe6
37.Qd4 Qc8 38.Qxd5 Be2 39.Re1 Qc3 40.Qf5+ Kh6 41.Qf2 Qc4 42.Rb8 Re5 43.b5 Kh5
44.b6 Qb5 45.Rh8+  1-0

[Event "Vojvodina Quality League"]
[Site "Pancevo SCG"]
[Date "2005.10.08"]
[Round "8"]
[White "Kostic,VV"]
[Black "Mihalj,M"]
[Result "1/2-1/2"]
[WhiteElo "2330"]
[BlackElo "2313"]

1.c4 c6 2.g3 d5 3.Bg2 Nf6 4.Nf3 dxc4 5.Qc2 b5 6.b3 cxb3 7.axb3 e6 8.d4 Bb7
9.O-O Nbd7 10.Ba3 Bxa3 11.Rxa3 Qe7 12.Rc1 O-O 13.Ra2 Rfc8 14.Nbd2 c5 15.Qb1 a6
16.e3 h6 17.h4 Nb6 18.Qa1 Nfd5 19.Rac2 cxd4 20.Qxd4 Rxc2 21.Rxc2 Rc8 22.Rxc8+ Nxc8
23.e4 Nb4 24.e5 Bd5 25.Ne1 Nc6 26.Qe3 Bxg2 27.Kxg2 Qa7 28.Qc3 N8e7 29.Nef3 a5
30.Ne4 a4 31.bxa4 bxa4 32.Qa3 Ng6 33.Nc3 Ngxe5 34.Qxa4 Qc5 35.Nxe5 Nxe5 36.Qa8+ Kh7
37.Qe4+ f5 38.Qe3 Qc6+ 39.f3 Ng4 40.Qd3 Ne5 41.Qe3 Ng4 42.Qd3 Nf6 43.Ne2 Nd5
44.Nd4 Qd6 45.Kh2 Ne7 46.Qe3 e5 47.Ne2 Qf6 48.Qd3 Qb6 49.Kg2 Qe6 50.Nc3 Qb3
51.Kf2 Qb6+ 52.Kg2 Qb3 53.Kf2 Qb6+ 54.Kg2 Qc6 55.Kf2 Qg6 56.Qe3 f4 57.gxf4 Nf5
58.Qe4 Qg3+ 59.Ke2 Qh2+ 60.Kd3 Qxf4 61.Qxf4 exf4 62.Ke4 Nxh4 63.Kxf4 g5+
64.Kg4 Ng2 65.Nd5 Kg6 66.f4 h5+ 67.Kg3 Ne3 68.Nxe3 gxf4+  1/2-1/2

[Event "It B"]
[Site "Stepanakert ARM"]
[Date "2005.10.08"]
[Round "6"]
[White "Petrosian,TL"]
[Black "L'Ami,E"]
[Result "1-0"]
[WhiteElo "2564"]
[BlackElo "2541"]

1.c4 c6 2.Nf3 d5 3.d4 Nf6 4.e3 Bg4 5.h3 Bh5 6.Qb3 Qb6 7.Ne5 Nbd7 8.Nxd7 Kxd7
9.Qc2 e6 10.c5 Qc7 11.Bd3 Bg6 12.Nc3 Be7 13.Bd2 b6 14.b4 Rhb8 15.O-O bxc5
16.bxc5 Qb7 17.Rfb1 Qc8 18.Rb3 Bd8 19.Ra3 Bc7 20.f3 Ke8 21.Re1 Kf8 22.Bxg6 hxg6
23.e4 dxe4 24.fxe4 Qd7 25.Qd3 Rd8 26.e5 Ng8 27.Ra4 Rdb8 28.Qf3 Ne7 29.Rf1 Nf5
30.Qf2 Rb2 31.g4 Bxe5 32.gxf5 Rd8 33.Nd1 Bxd4 34.Rxd4 Qxd4 35.Nxb2 Qxd2 36.Qxd2 Rxd2
37.Rf2 Rd5 38.fxg6 f5 39.Na4 Rd4 40.Nc3 Rc4 41.Ne2 Ke7 42.Rf3 Rxc5 43.Nf4 Rc4
44.Nh5 Rh4 45.Nxg7 Kf6 46.Ne8+ Kxg6 47.Re3 Kf7 48.Nd6+ Kf6 49.Ne8+ Kf7 50.Nc7 Rh6
51.Kg2 Ke7 52.Ra3 e5 53.Rxa7 Kd6 54.Nb5+ Kc5 55.Nc3 Rg6+ 56.Kf2 Rh6 57.Kg2 Rg6+
58.Kf2 Rh6 59.Ra3 Kc4 60.Ne2 f4 61.Rc3+ Kb4 62.a3+ Ka4 63.Kg2 Kb5 64.Rc1 Ka4
65.Nc3+ Kxa3 66.Ne4 Kb4 67.Rc2 Rg6+ 68.Kf3 Rh6 69.Kg4 Rg6+ 70.Kf5 Rh6 71.Rc3 Rh5+
72.Kg4 Rh6 73.h4 Rg6+ 74.Kf5 Rg1 75.Rh3 c5 76.h5 f3 77.h6  1-0

[Event "2nd Bundesliga Ost 2005-6"]
[Site "Austria AUT"]
[Date "2005.10.09"]
[Round "2"]
[White "Petschar,H"]
[Black "Savio,A"]
[Result "1/2-1/2"]
[WhiteElo "2100"]
[BlackElo "2036"]

1.c4 c6 2.Nf3 Nf6 3.g3 d5 4.Bg2 e6 5.O-O Be7 6.Qc2 O-O 7.d3 Nbd7 8.e4 dxe4
9.dxe4 e5 10.Nc3 Qc7 11.Rd1 Re8 12.h3 h6 13.Be3 Nf8 14.Nh4 Ne6 15.Nf5 Bf8
16.Rd2 Kh7 17.Rad1 Rd8 18.Rxd8 Nxd8 19.c5 Ne8 20.Qd2 Be6 21.Nd6 Nxd6 22.cxd6 Qd7
23.Kh2 f6 24.f4 b6 25.Qd3 Nb7 26.Qa6 Nxd6 27.Bxb6 Qf7 28.Bc5 Qc7 29.Qe2 exf4
30.e5 Nf5 31.exf6 f3  1/2-1/2

[Event "TCh-FIN 2005-6"]
[Site "Tampere FIN"]
[Date "2005.10.09"]
[Round "4"]
[White "Salokangas,H"]
[Black "Topi Hulmi,T"]
[Result "1/2-1/2"]
[WhiteElo "2171"]
[BlackElo "2251"]

1.c4 c6 2.Nf3 d5 3.g3 Nf6 4.b3 Bf5 5.Ba3 Qa5 6.Qc1 Nbd7 7.Bg2 e6 8.Bxf8 Nxf8
9.O-O N8d7 10.d3 O-O 11.Qb2 h6 12.Nbd2 Rfe8 13.b4 Qc7 14.Rfc1 Rac8 15.a4 Qb8
16.a5 e5 17.b5 Bg4 18.bxc6 bxc6 19.Qxb8 Rxb8 20.cxd5 cxd5 21.Rab1 Rxb1 22.Rxb1 Rc8
23.h3 Be6 24.Rb7 Rc2 25.Nf1 a6 26.Ra7 Rc6 27.g4 Kh7 28.Ng3 Ne8 29.Nf5 Nc7
30.Kh2 g6 31.Ne3 Kg7 32.Kg3 Nb5 33.Rb7 Nc3 34.Bf1 Rc5 35.d4 Rxa5 36.dxe5 Ra4
37.Nc2 Nc5 38.Rc7 N5e4+ 39.Kg2 Nb5 40.Rb7 Rc4 41.Nce1 Rc7 42.Rb6 Nc5 43.e3 Rb7
44.Rc6 Ne4 45.Rxa6 Nbc3 46.Nd3 Nd1 47.Nd4 Rb1 48.Be2 Ndc3 49.Ra7 Bc8 50.Bf3 Nb5
51.Nxb5 Rxb5 52.Nf4 Bb7 53.e6 fxe6 54.Nxe6+ Kg8 55.Nf4 g5 56.Rxb7 Rxb7 57.Nxd5 Nd6
58.Nf6+ Kf7 59.Bxb7 Kxf6 60.Ba6 Ke5 61.Bd3 Nb7 62.Kg3 Nc5 63.Bc2 Ne6 64.Bb1 Nc5
65.h4 Nb3 66.hxg5 hxg5 67.f4+  1/2-1/2

[Event "Cupa ULIM"]
[Site "Kishinev MDA"]
[Date "2005.10.13"]
[Round "6"]
[White "Karacay,A"]
[Black "Bulmaga,I"]
[Result "1/2-1/2"]
[WhiteElo "2042"]
[BlackElo "2122"]

1.c4 c6 2.Nf3 d5 3.Na3 Nf6 4.e3 e6 5.b3 Be7 6.Nc2 O-O 7.d4 Ne4 8.Bd3 f5 9.Ne5 Bd6
10.O-O Qh4 11.f4 Rf6 12.Nf3 Qg4 13.Ne5 Qh4 14.Nf3 Qh5 15.Ne5 Qxd1 16.Rxd1 Nd7
17.Nxd7 Bxd7 18.Ba3 Bc7 19.Ne1 Be8 20.Be7 Rf7 21.Bh4 Rd7 22.c5 Ba5 23.Bxe4 dxe4
24.g4 fxg4 25.Bg3 h5 26.Bh4 Bxe1 27.Rxe1 Kf7 28.b4 b6 29.Reb1 Rb7 30.Rb3 Rab8
31.Rab1 Bd7 32.Bg3 Rh8 33.Bh4 g6 34.a4 Rhb8 35.Bg3 Rh8  1/2-1/2

[Event "5th ch-Asian"]
[Site "Hyderabad IND"]
[Date "2005.10.15"]
[Round "9"]
[White "Ravi,L"]
[Black "Hossain,Enam"]
[Result "0-1"]
[WhiteElo "2419"]
[BlackElo "2476"]

1.c4 c6 2.e4 e5 3.Nf3 d6 4.d4 Nd7 5.Nc3 Ngf6 6.Be2 Be7 7.O-O O-O 8.Re1 exd4
9.Nxd4 Nc5 10.Bf1 a5 11.f3 Re8 12.Be3 Bf8 13.Qc2 g6 14.Rad1 Qc7 15.Kh1 a4
16.Bf2 Qa5 17.Rb1 Ne6 18.b4 axb3 19.axb3 Qb4 20.Nde2 Nd7 21.Red1 Qa5 22.b4 Qc7
23.Bg3 Ne5 24.Qb3 Ng7 25.Nd4 Nh5 26.Bf2 Qe7 27.Na4 Nd7 28.Re1 Qf6 29.Rbd1 Ne5
30.Nb6 Rb8 31.Rd2 Qd8 32.Nxc8 Rxc8 33.g3 c5 34.Nc2 b6 35.b5 Ra8 36.h3 Nd7
37.Bg2 Qc7 38.f4 Ra5 39.Qd3 Ra2 40.Red1 Qa7 41.Bf3 Ndf6 42.Re1 Ng7 43.g4 Ne6
44.Be3 Qa5 45.Red1 Qa4 46.Rf1 Nd8 47.g5 Nd7 48.Rb1 Nb7 49.Bf2 Na5 50.Ne3 Rxd2
51.Qxd2 Nxc4 52.Qd5 Nxe3 53.Bxe3 Re7 54.Kg2 Qc2+  0-1

[Event "TCh-NED 2005-6"]
[Site "Netherlands NED"]
[Date "2005.10.15"]
[Round "2"]
[White "Van Dongen,C1"]
[Black "Van der Stricht,G"]
[Result "1/2-1/2"]
[WhiteElo "2291"]
[BlackElo "2401"]

1.c4 c6 2.Nf3 d5 3.g3 Bg4 4.Bg2 e6 5.O-O Nd7 6.b3 Ngf6 7.Bb2 Bd6 8.d4 Ne4
9.Ne1 Bf5 10.Nd2 Nxd2 11.Qxd2 O-O 12.Nd3 a5 13.f3 Bxd3 14.Qxd3 dxc4 15.bxc4 e5
16.e3 exd4 17.exd4 Re8 18.Rfe1 Qb6 19.Qc2 Bf8 20.Bh3 Qc7 21.Kf2 Nb6 22.Rxe8 Rxe8
23.Re1 Rxe1 24.Kxe1 Qe7+ 25.Kf2 g6 26.Bf1 Bg7 27.Bc3 Qd8 28.Bxa5 Qxd4+ 29.Kg2 Nd7
30.Qd3 Nc5 31.Qxd4 Bxd4 32.Bb4 Na4 33.Bd3 Nb2 34.Be2 Kg7 35.Ba3 Na4 36.Bd1 Nb6
37.Bb3 f5 38.f4 c5 39.Bc1 Nc8 40.Kf3 Nd6 41.Bd2 b6 42.a4 Ne4 43.Bc1 h5 44.Bc2 Nd6
45.Bd3 Bc3 46.h3 Kf6 47.Be3 Nb7 48.Bf2 Na5 49.g4 hxg4+ 50.hxg4 Nc6 51.gxf5 gxf5
52.Ke2 Ke6 53.Kf3 Bd4 54.Be1 Bb2 55.Bf2 Bc3 56.Ke2 Ne7 57.Kf3 Bd2 58.Bh4 Nc6
59.Bf2 Bc1 60.Bb1 Na5 61.Be1 Nc6 62.Bc3 Ba3 63.Ke2 Bb4 64.Bb2 Ba5 65.Bh8 Bb4
66.Bb2 Ba5  1/2-1/2

[Event "TCh-CZE Extraliga 2005-6"]
[Site "Czech Rep CZE"]
[Date "2005.10.16"]
[Round "2"]
[White "Plachetka,J"]
[Black "Haba,P"]
[Result "1/2-1/2"]
[WhiteElo "2439"]
[BlackElo "2522"]

1.c4 c6 2.e4 d5 3.exd5 cxd5 4.cxd5 Nf6 5.Bb5+ Nbd7 6.Nc3 a6 7.Qa4 Rb8 8.Bxd7+ Qxd7
9.Qf4 Ra8 10.Nf3 Nxd5 11.Nxd5 Qxd5 12.O-O e6 13.Ne5 f6 14.Nc4 Bc5 15.d3 O-O
16.Be3 e5 17.Qe4 Qxe4 18.dxe4 Bxe3 19.Nxe3 Be6 20.a3 Kf7 21.Rfd1 Ke7 22.Kf1 Rfd8
23.Ke2 Rxd1 24.Rxd1 Rc8 25.f3 Rc5 26.b4 Rc3 27.Rd3 Rc1 28.Rd1 Rc3 29.Rd3 Rc1
30.Rd1  1/2-1/2

[Event "Cupa ULIM"]
[Site "Kishinev MDA"]
[Date "2005.10.16"]
[Round "9"]
[White "Untila,S2"]
[Black "Postolache,S"]
[Result "1-0"]
[WhiteElo "2026"]
[BlackElo "1896"]

1.c4 c6 2.Nc3 d5 3.cxd5 cxd5 4.d4 Nc6 5.Nf3 Nf6 6.Bf4 Ne4 7.e3 Nxc3 8.bxc3 e6
9.Bd3 Bd6 10.Bg3 O-O 11.O-O Bxg3 12.hxg3 f5 13.c4 b6 14.cxd5 exd5 15.Rc1 Bb7
16.Bb5 Na5 17.Ne5 a6 18.Be2 Rc8 19.Qd2 Rxc1 20.Rxc1 b5 21.Qb4 Nc4 22.Nxc4 dxc4
23.Bxc4+ Kh8 24.a4 Qa8 25.Bf1 bxa4 26.Qxa4 Rc8 27.Ra1 Rc6 28.Qa5 Qc8 29.Rb1 h6
30.Qe5 Rf6 31.Bd3 Qc6 32.Qb8+  1-0

[Event "31st Guernsey Open"]
[Site "Cobo Bay GCI"]
[Date "2005.10.18"]
[Round "3"]
[White "Collier,D"]
[Black "Goater,Kev"]
[Result "0-1"]
[WhiteElo "2122"]
[BlackElo "2178"]

1.c4 c6 2.d4 d5 3.Nf3 dxc4 4.a4 Nf6 5.Nc3 Be6 6.e4 g6 7.Ng5 Qd7 8.Be2 Bg7
9.O-O Na6 10.Nxe6 Qxe6 11.e5 Nd5 12.Ne4 Ndb4 13.Bg4 Qd5 14.Nc3 Qa5 15.f4 Rd8
16.Be3 Nd3 17.Qe2 Nab4 18.f5 O-O 19.Ne4 Nd5 20.fxg6 hxg6 21.Ng5 Nxe3 22.Qxe3 Bh6
23.Rf3 Qd5 24.Raf1 Bxg5 25.Qxg5 Qxd4+ 26.Kh1 Nxe5 27.Rf4 Qd6 28.Bh5 Kg7 29.h4 Rh8
30.Be2 f6 31.Qg3 Nd3  0-1

[Event "SCG First League w"]
[Site "Vrnjacka Banja SCG"]
[Date "2005.10.18"]
[Round "2"]
[White "Maksimovic,S"]
[Black "Kononenko,T"]
[Result "1/2-1/2"]
[WhiteElo "2267"]
[BlackElo "2423"]

1.c4 c6 2.e4 d5 3.exd5 cxd5 4.d4 Nf6 5.Nc3 e6 6.Nf3 Be7 7.cxd5 Nxd5 8.Bd3 Nc6
9.O-O O-O 10.Re1 Qd6 11.a3 Bd7 12.Qc2 h6 13.Ne4 Qc7 14.Bd2 Qb6 15.Bc3 Rac8
16.Rad1 Rfd8 17.Qd2 Be8 18.Bb1 Nxc3 19.bxc3 Na5 20.Ne5 Ba4 21.Qf4 f5 22.Rd3 Be8
23.Rg3 Kh7 24.h4 Nc4 25.Nxc4 Rxc4 26.Nd2 Qc7 27.Qxc7 Rxc7 28.Rxe6 Bxa3 29.Bxf5+ Kh8
30.Ne4 Bf8 31.Re3 Bf7 32.Re5 b6 33.Be6 Bxe6 34.Rxe6 Kg8 35.g4 b5 36.g5 hxg5
37.Nxg5 Rcc8 38.Kg2 b4 39.cxb4 Rxd4 40.Re8 Rxe8 41.Rxe8 Rxh4 42.Ne6 Kf7 43.Rxf8+ Kxe6
44.Ra8  1/2-1/2

[Event "Bundesliga 2005-6"]
[Site "Baden Baden GER"]
[Date "2005.10.21"]
[Round "7"]
[White "Wintzer,J"]
[Black "Dautov,R"]
[Result "1/2-1/2"]
[WhiteElo "2324"]
[BlackElo "2581"]

1.c4 c6 2.g3 d5 3.Bg2 Nf6 4.Nf3 dxc4 5.Qc2 b5 6.b3 cxb3 7.axb3 e6 8.d4 Bb7
9.O-O Nbd7 10.Nc3 a6 11.e4 Be7 12.e5 Nd5 13.Ne4 h6 14.Ba3 b4 15.Bb2 O-O 16.Nc5 Nxc5
17.dxc5 a5 18.Nd2 Ba6 19.Rfe1 Bb5 20.Ne4 Ra6 21.Nd6 Qd7 22.Rec1 Rfa8 23.Nxb5 cxb5
24.c6 Qc7 25.Bxd5 exd5 26.e6 Bd6 27.Qf5 Re8 28.Qxd5 Rxe6 29.Qxb5 Rb6 30.Qd5 Bf8
31.Rxa5 Rbxc6 32.Rxc6 Qxc6 33.Qxc6 Rxc6 34.Re5 Rc2 35.Bd4 Rd2 36.Bb6 Rd6
37.Ba7 f6 38.Re3 Rd1+ 39.Kg2 Kf7 40.Kf3 Rd2 41.Re2 Rd1 42.Re3 h5 43.h3 g5
44.g4 h4 45.Ke4 Rd2  1/2-1/2

[Event "II Open"]
[Site "Calvia ESP"]
[Date "2005.10.22"]
[Round "2"]
[White "Perez Fungueiro,M"]
[Black "Vera,R"]
[Result "0-1"]
[WhiteElo "2277"]
[BlackElo "2481"]

1.c4 c6 2.g3 d5 3.Bg2 Nf6 4.Nf3 dxc4 5.Qc2 b5 6.b3 cxb3 7.axb3 Bb7 8.Ba3 g6
9.d4 Bg7 10.Nbd2 O-O 11.O-O a5 12.e4 Na6 13.e5 Nd5 14.Ne4 b4 15.Bb2 f5 16.exf6 exf6
17.Rfe1 Re8 18.Re2 f5 19.Neg5 Rxe2 20.Qxe2 Nac7 21.h4 h6 22.Nh3 Qe8 23.Qc2 Qf8
24.Nd2 Nb5 25.Qd3 Ndc3 26.Nf4 Nxd4 27.Nxg6 Qf7 28.Nf4 Ba6 29.Rxa5 Bxd3 30.Rxa8+ Kh7
31.Nxd3 Nxb3 32.Nxb3 Qxb3 33.Kh2 Qc2 34.Rd8 c5 35.Bh3 Bd4 36.Bxf5+ Kg7 37.g4 Bxf2
38.Bxc3+ Bd4+ 39.Kg3 Qxc3 40.Rd7+ Kf8 41.Kg2 c4  0-1

[Event "Essent Open"]
[Site "Hoogeveen NED"]
[Date "2005.10.22"]
[Round "2"]
[White "Van Leent,D"]
[Black "Jonkman,H"]
[Result "1/2-1/2"]
[WhiteElo "2309"]
[BlackElo "2446"]

1.c4 c6 2.e4 d5 3.exd5 cxd5 4.d4 Nf6 5.Nc3 Nc6 6.Bg5 e6 7.Nf3 Be7 8.Bd3 h6
9.Be3 Nb4 10.c5 Nxd3+ 11.Qxd3 Bd7 12.b4 Ne4 13.Nxe4 dxe4 14.Qxe4 Bc6 15.Qd3 a5
16.Ne5 axb4 17.Nxc6 bxc6 18.O-O Qd5 19.Qd2 O-O 20.Qxb4 Rfb8 21.Qd2 Ra3 22.h3 Bf6
23.Rfb1 Rxb1+ 24.Rxb1 Rxa2 25.Qd3 Ra8 26.Qb3 Qe4 27.Qb7 Ra4 28.Rd1 Qd5 29.Qb8+ Kh7
30.Qd6 Qe4 31.Qc7 Kg6 32.Qg3+ Kh7 33.Qc7 Kg6 34.Qg3+ Kh7 35.Qc7  1/2-1/2

[Event "Open A"]
[Site "Arco HUN"]
[Date "2005.10.23"]
[Round "2"]
[White "Aagaard,J"]
[Black "Astengo,C"]
[Result "1-0"]
[WhiteElo "2452"]
[BlackElo "2105"]

1.c4 c6 2.e4 e5 3.Nf3 Nf6 4.Nc3 Bb4 5.Qc2 d6 6.Be2 O-O 7.O-O Bg4 8.d3 Na6
9.Nd1 Nc7 10.a3 Bc5 11.b4 Bxf3 12.Bxf3 Bd4 13.Rb1 Ne6 14.g3 b5 15.Ne3 g6
16.Bg2 Rc8 17.Kh1 Nh5 18.Qe2 Qe8 19.Nf5 gxf5 20.Qxh5 f4 21.Bh3 f5 22.Qxe8 Rcxe8
23.Bxf5 Re7 24.Kg2 Ng7 25.Bg4 f3+ 26.Kg1 h5 27.Bh3 Rc7 28.Bg5 a5 29.bxa5 bxc4
30.dxc4 Ra7 31.Bd2  1-0

[Event "Bundesliga 2005-6"]
[Site "Baden Baden GER"]
[Date "2005.10.23"]
[Round "2"]
[White "Wintzer,J"]
[Black "Carmeille,L"]
[Result "1-0"]
[WhiteElo "2324"]
[BlackElo "2329"]

1.c4 c6 2.Nc3 d5 3.e3 Nf6 4.Nf3 a6 5.d4 b5 6.c5 g6 7.Bd2 Bg7 8.b4 Bg4 9.h3 Bxf3
10.gxf3 Nbd7 11.f4 e6 12.a4 O-O 13.Bd3 Ne8 14.Qg4 Bf6 15.O-O Ng7 16.Ra2 Nf5
17.Rfa1 Rc8 18.axb5 axb5 19.Ra5 Bg7 20.Kh1 Nf6 21.Qd1 Nh5 22.Qg4 Nf6 23.Qd1 Nh5
24.Qg4 Nh6 25.Qf3 f6 26.Rg1 Qe8 27.Qg2 e5 28.Be2 exd4 29.Nxd5 dxe3 30.fxe3 Qf7
31.Bxh5 gxh5 32.Nc3 Rc7 33.Ne4 Nf5 34.Nd6 Qe6 35.Nxf5 Qxf5 36.e4 Qc8 37.Ra3 Kh8
38.Rd3 Bh6 39.Qf3 Rg8 40.Bc3 Rf7 41.Rxg8+ Kxg8 42.Rd6 Bf8 43.Rxf6 Rxf6 44.Bxf6 Qe6
45.Bc3 Qb3 46.f5 Bg7 47.e5 Qc2 48.f6 Qc1+ 49.Kg2 Bh6 50.Bd4 Qd2+ 51.Bf2 Kf7
52.Qxc6 Be3 53.e6+ Kg6 54.Qe4+  1-0

[Event "zt 3.3"]
[Site "Beijing CHN"]
[Date "2005.10.23"]
[Round "6"]
[White "Ye Rongguang"]
[Black "Wang Rui"]
[Result "0-1"]
[WhiteElo "2472"]
[BlackElo "2474"]

1.c4 c6 2.b4 d5 3.e3 e5 4.Bb2 Nd7 5.cxd5 cxd5 6.Qb3 Ngf6 7.Nf3 Bd6 8.Nc3 e4
9.Nd4 Nb6 10.a4 O-O 11.a5 Nc4 12.Bxc4 dxc4 13.Qxc4 Qe7 14.b5 Ng4 15.Qd5 Nf6
16.Qb3 Qe5 17.Ba3 Bxa3 18.Rxa3 Qg5 19.g3 Bh3 20.Kd1 Bg2 21.Re1 Ng4 22.Qd5 Qe7
23.Ra1 Nxf2+ 24.Ke2 Rad8 25.Qf5 Nh3 26.Nd5 Qd6 27.Nc3 g6 28.Qg4 Qe5 29.Kd1 Nf2+  0-1

[Event "Open A"]
[Site "Liberec CZE"]
[Date "2005.10.24"]
[Round "3"]
[White "Sikora Lerch,J"]
[Black "Baum,B"]
[Result "1-0"]
[WhiteElo "2313"]
[BlackElo "2160"]

1.c4 c6 2.g3 d5 3.Bg2 e5 4.h4 Nf6 5.cxd5 cxd5 6.Nf3 Nc6 7.d4 e4 8.Ne5 Bd6
9.Qa4 Bxe5 10.dxe5 Ng4 11.Nc3 Be6 12.O-O O-O 13.Bf4 Qb6 14.Rad1 Rad8 15.Qb5 Qxb5
16.Nxb5 a6 17.Nc7 Ngxe5 18.f3 exf3 19.exf3 d4 20.Bxe5 Nxe5 21.Rfe1 Nc4 22.Nxe6 fxe6
23.b3 Ne3 24.Rd2 e5 25.Kh2 Rf6 26.Rxe3  1-0

[Event "zt 2.4"]
[Site "Sao Paulo BRA"]
[Date "2005.10.24"]
[Round "3"]
[White "Milos,G"]
[Black "Vescovi,G"]
[Result "1-0"]
[WhiteElo "2620"]
[BlackElo "2646"]

1.c4 c6 2.Nc3 d5 3.d4 Nf6 4.Nf3 e6 5.cxd5 exd5 6.Bg5 Be7 7.e3 Bf5 8.Bd3 Bxd3
9.Qxd3 Nbd7 10.O-O O-O 11.Rab1 a5 12.Qc2 Ne8 13.Bxe7 Qxe7 14.Rfe1 Nd6 15.e4 dxe4
16.Nxe4 Nxe4 17.Rxe4 Qd6 18.Rbe1 Nf6 19.Re7 Rab8 20.a3 Rfe8 21.R7e5 Qc7 22.Qf5 h6
23.g3 Rxe5 24.dxe5 Nd5 25.Nd2 Ne7 26.Qe4 Rd8 27.Nc4 Nc8 28.e6 a4 29.Ne5 fxe6
30.Qxa4 Nd6 31.Qb3 Re8 32.f4 Nf7 33.Nf3 Qd8 34.Kg2 Re7 35.Rd1 Qa5 36.Rd4 b5
37.Qd3 Qa7 38.h4 c5 39.Re4 Qb7 40.Kh2 Kf8 41.Re3 Qc6 42.Qe2 Re8 43.Rc3 Rd8
44.Re3 Re8 45.Rb3 c4 46.Re3 Qd5 47.Re4 Kg8 48.Rd4 Qc5 49.Qe4 Rd8 50.Rxd8+ Nxd8
51.Qd4 Qc7 52.Qe3 Qb7 53.Ne5 Nf7 54.Ng6 Qd7 55.h5 Qd1 56.Qxe6 Qxh5+ 57.Kg2 Kh7
58.Ne7 Qd1 59.Qg6+ Kh8 60.Qxf7  1-0

[Event "5th Rohde Open"]
[Site "Sautron FRA"]
[Date "2005.10.25"]
[Round "4"]
[White "Shirazi,K"]
[Black "Potkin,V"]
[Result "1-0"]
[WhiteElo "2419"]
[BlackElo "2555"]

1.c4 c6 2.e4 d5 3.Nc3 dxe4 4.Nxe4 Bf5 5.Ng3 Bg6 6.Nf3 Nd7 7.d4 e6 8.Bd3 Bb4+
9.Bd2 Bxd3 10.Bxb4 Bxc4 11.Ne4 c5 12.dxc5 Bd5 13.Nd6+ Kf8 14.c6 bxc6 15.Nb7+ c5
16.Nxd8 cxb4 17.Nb7  1-0

[Event "Open A"]
[Site "Arco HUN"]
[Date "2005.10.26"]
[Round "5"]
[White "Schacher,G"]
[Black "Kranebitter,G"]
[Result "1-0"]
[WhiteElo "2258"]
[BlackElo "2070"]

1.c4 c6 2.Nf3 d5 3.d4 Nf6 4.Nbd2 Bf5 5.g3 e6 6.Bg2 h6 7.O-O Be7 8.b3 Nbd7
9.Bb2 Ne4 10.a3 a5 11.Re1 O-O 12.Nxe4 Bxe4 13.Bf1 Bh7 14.Nd2 f5 15.Qc1 Nf6
16.a4 Ne4 17.Nxe4 fxe4 18.Bg2 Bg5 19.Qc3 Bf6 20.Qd2 Bg5 21.Qc3 Bf6 22.b4 axb4
23.Qxb4 Qd7 24.c5 Qf7 25.Rf1 Ra7 26.a5 Rfa8 27.Ra3 Bd8 28.Rfa1 Bg6 29.Bc3 Bh5
30.Qb2 Bc7 31.e3 Bf3 32.Bf1 Rb8 33.Rb3 Raa8 34.Rxb7 h5 35.a6 h4 36.a7 Rf8
37.Ba5 hxg3 38.fxg3 Bg4 39.Bg2 Qh5 40.Qd2 g5 41.Bxc7  1-0

[Event "II Open"]
[Site "Calvia ESP"]
[Date "2005.10.26"]
[Round "7"]
[White "Ilic,Ljubo"]
[Black "Gomez Baillo,J"]
[Result "1-0"]
[WhiteElo "2242"]
[BlackElo "2422"]

1.c4 c6 2.Nf3 Nf6 3.b3 d5 4.Bb2 Bg4 5.h3 Bxf3 6.gxf3 d4 7.Bg2 e5 8.e3 Bc5
9.O-O O-O 10.f4 exf4 11.b4 Bxb4 12.Bxd4 Na6 13.Nc3 Bc5 14.Bxf6 Qxf6 15.d4 Be7
16.Rb1 Rab8 17.Qg4 Qe6 18.Qxf4 Qxc4 19.Ne4 Qe6 20.Rb3 Nb4 21.Rfb1 Nd5 22.Qf3 b6
23.Ng3 f5 24.Ne2 Bd6 25.Rc1 Qd7 26.Nc3 Ne7 27.Ne2 Kh8 28.Nf4 Rbd8 29.Nd3 Nd5
30.a3 Rde8 31.Nb4 Bxb4 32.axb4 Rd8 33.Ra1 Qf7 34.Rb2 Rd7 35.b5 cxb5 36.Rxb5 Rfd8
37.Rc1 g6 38.Qg3 Rc7 39.Rxc7 Nxc7 40.Rb1 Qe7 41.Rc1 Ne8 42.Rc6 Kg7 43.d5 Rd6
44.Qf4 Kf7 45.Qc4 Rxc6 46.dxc6+ Kf6 47.Qh4+ Ke6 48.Bd5+ Kd6 49.Qb4+  1-0

[Event "Open A"]
[Site "Liberec CZE"]
[Date "2005.10.26"]
[Round "6"]
[White "Golcman,E"]
[Black "Bartos,J"]
[Result "1/2-1/2"]
[WhiteElo "2311"]
[BlackElo "2249"]

1.c4 c6 2.d4 d5 3.Nc3 Nf6 4.e3 g6 5.Nf3 Bg7 6.Bd3 O-O 7.O-O Bg4 8.h3 Bxf3
9.Qxf3 e6 10.Qe2 Nbd7 11.Rd1 Qe7 12.Bd2 Rfe8 13.Rac1 Rad8 14.Be1 a6 15.a3 e5
16.cxd5 cxd5 17.dxe5 Nxe5 18.Bb1 Nc6 19.Qf1 d4 20.exd4 Nxd4 21.Rd3 Nh5 22.Bd2 Qf6
23.Re1 Rxe1 24.Qxe1 Nf4 25.Bxf4 Qxf4 26.Qe7 Bf6 27.Qxb7 Rb8 28.Qe4 Qc1+ 29.Rd1 Qxb2
30.Nd5 Bg7 31.Bd3 Qxa3 32.Bf1 Ne6 33.Nf4 Qb4 34.Qxb4 Rxb4 35.Nxe6 fxe6 36.Bxa6  1/2-1/2

[Event "Essent Open"]
[Site "Hoogeveen NED"]
[Date "2005.10.27"]
[Round "7"]
[White "Van Leent,D"]
[Black "Rooda,K"]
[Result "1-0"]
[WhiteElo "2309"]
[BlackElo "2132"]

1.c4 c6 2.g3 d5 3.Bg2 Nf6 4.Nf3 Bf5 5.cxd5 cxd5 6.O-O Nc6 7.Qa4 Qd7 8.b4 b5
9.Qb3 Rc8 10.Bb2 d4 11.Rc1 e6 12.Na3 a6 13.Nxd4 Be4 14.Bxe4 Nxe4 15.Nxc6 Rxc6
16.Qf3 Rxc1+ 17.Rxc1 Qd5 18.d3 Ng5 19.Qxd5 exd5 20.Rc8+ Kd7 21.Ra8 Ne6 22.Rxa6 Bxb4
23.Nxb5 Rc8 24.Ra7+ Ke8 25.Ba3 Bxa3 26.Rxa3 Rc2 27.Kf1 Rb2 28.Ra8+ Ke7 29.Ra7+ Kf6
30.Nd6 Nd4 31.e3 Nc6 32.Rxf7+ Ke6 33.Rb7 Rxa2 34.Ne8 Ne5 35.Nxg7+ Kd6 36.d4 Ng4
37.Rf7 Nxh2+ 38.Kg1 Ng4 39.Rf4 Ra1+ 40.Kg2  1-0

[Event "zt 2.4"]
[Site "Sao Paulo BRA"]
[Date "2005.10.28"]
[Round "7"]
[White "Sunye Neto,J"]
[Black "Limp,E"]
[Result "1-0"]
[WhiteElo "2522"]
[BlackElo "2447"]

1.c4 c6 2.Nf3 d5 3.d4 Nf6 4.Nc3 e6 5.Bg5 Nbd7 6.e3 Qa5 7.Bxf6 Nxf6 8.Nd2 Bb4
9.Qc2 O-O 10.Be2 Re8 11.O-O Bxc3 12.Qxc3 Qxc3 13.bxc3 e5 14.cxd5 cxd5 15.Rfb1 exd4
16.cxd4 Re7 17.Bd3 Be6 18.Rc1 Rc8 19.Rxc8+ Bxc8 20.Rc1 Be6 21.f3 Ne8 22.Nb1 Rc7
23.Rxc7 Nxc7 24.Nc3 Kf8 25.Kf2 h6 26.Ke2 Ke7 27.Kd2 f6 28.Kc2 Kd6 29.Kb3 b6
30.Ne2 Bf7 31.Ng3 g6 32.h4 Kc6 33.a4 Kd7 34.Kc3 Ke6 35.e4 Be8 36.Bc2 Kd7
37.Bb3 Bf7 38.Nf1 Kd6 39.Ne3 Be6 40.Bc2 g5 41.h5 a6 42.Bb3 b5 43.a5 Ke7 44.exd5 Bd7
45.Bc2 Kd6 46.Be4 Bc8 47.Kd2 Bd7 48.g4 Bc8 49.Kd3 Bd7 50.Bf5 Nxd5 51.Bxd7 Nxe3
52.Bxb5 Nd5 53.Bxa6 Nb4+ 54.Ke4 Nxa6 55.Kf5 Ke7 56.Kg6 Nc7 57.Kg7 Ke6 58.Kxh6 Kf7
59.Kh7  1-0

[Event "Corsica Masters Open"]
[Site "Bastia FRA"]
[Date "2005.10.31"]
[Round "3"]
[White "Gurevich,M"]
[Black "Dunis,A"]
[Result "1/2-1/2"]
[WhiteElo "2652"]
[BlackElo "2534"]

1.c4 c6 2.Nf3 d5 3.e3 Nf6 4.Nc3 a6 5.d4 b5 6.cxd5 cxd5 7.Bd3 Bb7 8.O-O e6
9.Bd2 Bd6 10.Ne2 O-O 11.a4 bxa4 12.Qxa4 Nc6 13.b4 Ne4 14.b5 axb5 15.Qxb5 Nxd2
16.Nxd2 Rxa1 17.Rxa1 Qc7 18.Rb1 Rb8 19.Nf3 Bc8 20.Qa4 Rxb1+ 21.Bxb1 Bd7 22.Qa8+ Qb8
23.Qxb8+ Bxb8 24.Nf4 Nb4 25.Nd3 Nxd3 26.Bxd3 f6 27.Kf1 Bc6 28.h4 g6 29.g4 Kg7
30.g5 h6 31.gxf6+ Kxf6 32.Kg2 Bd6 33.Nh2 Bxh2 34.Kxh2 g5 35.Kg3 e5 36.hxg5+ hxg5
37.dxe5+ Kxe5 38.Kg4 Kf6 39.f4  1/2-1/2

[Event "Corsica Masters Open"]
[Site "Bastia FRA"]
[Date "2005.11.01"]
[Round "5"]
[White "Chernin,A"]
[Black "Malakhatko,V"]
[Result "1/2-1/2"]
[WhiteElo "2598"]
[BlackElo "2570"]

1.c4 c6 2.Nf3 d5 3.e3 Nf6 4.Nc3 a6 5.Qc2 e6 6.d4 c5 7.a3 dxc4 8.dxc5 Bxc5
9.Bxc4 Nbd7 10.b4 Be7 11.Bb2 b5 12.Bd3 Bb7 13.O-O Rc8 14.Rfd1 Qc7 15.Rac1 Qb8
16.Qb1 O-O 17.Ne4 h6 18.Nxf6+ Nxf6 19.Ne5 Qa8 20.Bf1 Rxc1 21.Rxc1 Rc8 22.Qa1 Rxc1
23.Qxc1 Qc8 24.Qd2 Qd8 25.Qc3 Qc8 26.Qd2 Qd8 27.Qc3 Qc8 28.Qd2  1/2-1/2

[Event "25th An FMA"]
[Site "Madrid ESP"]
[Date "2005.11.01"]
[Round "5"]
[White "Gallardo Garcia,A"]
[Black "Serrano Salvador,E"]
[Result "0-1"]
[WhiteElo "2360"]
[BlackElo "2348"]

1.c4 c6 2.e4 e5 3.Nf3 d6 4.d4 Nd7 5.Nc3 Ngf6 6.Be2 Be7 7.O-O O-O 8.Rb1 a6
9.dxe5 dxe5 10.b4 Qc7 11.c5 a5 12.a3 Rd8 13.Qb3 axb4 14.Ng5 Nxc5 15.Qxf7+ Kh8
16.axb4 Rf8 17.bxc5 Rxf7 18.Nxf7+ Kg8 19.Bc4 Bxc5 20.Rd1 Kf8 21.Rd8+ Ke7
22.Rh8 b5 23.Bb3 h6 24.Nxh6 gxh6 25.Bxh6 Bb7  0-1

[Event "Corsica Masters Open"]
[Site "Bastia FRA"]
[Date "2005.11.02"]
[Round "7"]
[White "Gurevich,M"]
[Black "Krivoshey,S"]
[Result "1/2-1/2"]
[WhiteElo "2652"]
[BlackElo "2535"]

1.c4 c6 2.d4 d5 3.e3 Nf6 4.Bd3 a6 5.Nc3 e6 6.Nf3 dxc4 7.Bxc4 b5 8.Bd3 c5
9.a4 b4 10.Ne4 Nbd7 11.b3 cxd4 12.exd4 Bb7 13.Qe2 Be7 14.O-O Nxe4 15.Bxe4 Bxe4
16.Qxe4 O-O 17.Bd2 Nf6 18.Qd3 Qd5 19.Rfe1 Qb7 20.Rac1 Rfd8 21.Rc4 Nd5 22.Rec1 Bf6
23.Qe4 Rab8 24.h4 a5 25.Rc7 Qa8 26.g3 h6 27.Qg4 Rf8 28.Qe4 Rfd8 29.Qg4 Rf8
30.Qe4  1/2-1/2